<?xml version="1.0" encoding="UTF-8"?>
<collection xmlns="http://www.loc.gov/MARC21/slim">
 <record>
  <leader>01828nam a2200205Ia 4500</leader>
  <controlfield tag="001">CTU_168626</controlfield>
  <controlfield tag="008">210402s9999    xx            000 0 und d</controlfield>
  <datafield tag="020" ind1=" " ind2=" ">
   <subfield code="c">43000</subfield>
  </datafield>
  <datafield tag="082" ind1=" " ind2=" ">
   <subfield code="a">791.43617</subfield>
  </datafield>
  <datafield tag="082" ind1=" " ind2=" ">
   <subfield code="b">Ng404</subfield>
  </datafield>
  <datafield tag="245" ind1=" " ind2="0">
   <subfield code="a">Ngoại giao đoàn =</subfield>
  </datafield>
  <datafield tag="245" ind1=" " ind2="0">
   <subfield code="b">Julie &amp; Julia</subfield>
  </datafield>
  <datafield tag="245" ind1=" " ind2="0">
   <subfield code="c">Laurence Mark...[et al.]</subfield>
  </datafield>
  <datafield tag="260" ind1=" " ind2=" ">
   <subfield code="a">Culver City, Calif.</subfield>
  </datafield>
  <datafield tag="260" ind1=" " ind2=" ">
   <subfield code="b">Sony Pictures Home Entertainment</subfield>
  </datafield>
  <datafield tag="260" ind1=" " ind2=" ">
   <subfield code="c">2010</subfield>
  </datafield>
  <datafield tag="520" ind1=" " ind2=" ">
   <subfield code="a">Julie &amp; Julia là bộ phim hài tâm lý của đạo diễn kịch tác giả Nora Ephron. Bộ phim xoay quanh cuộc sống của nữ nhà văn Julie Powell những năm 2000 và nữ đầu bếp Julia Child trong những năm 50. Julie Powell (Amy Adams - ngôi sao của phim Enchanted thủ vai) là nhà văn trẻ với công việc chán ngắt tại một tổng đài, tại đây cô thường xuyên phải trả lời các cuộc gọi từ những nạn nhân của cuộc tấn công 11/9 cũng như nhiều lời phàn nàn khác về việc xây dựng lại toà nhà trung tâm thương mại thế giới. Để tạo ra một mảng sáng cho cuộc sống ảm đạm của mình, mỗi ngày Julie lần lượt nấu các món ăn trong cuốn sách dạy nấu nướng của tác giả Julia Child, xuất bản từ năm 1961 khám phá ra nghệ thuật ẩm thực kiểu Pháp. Julie cũng viết blog hàng ngày kể về công cuộc chinh phục 524 công thức món ăn của đầu bếp tài năng Julia.</subfield>
  </datafield>
  <datafield tag="650" ind1=" " ind2=" ">
   <subfield code="a">Powell, Julie,Nữ nhà văn Julie Powell,Đầu bếp Julia Child,Child, Julia</subfield>
  </datafield>
  <datafield tag="904" ind1=" " ind2=" ">
   <subfield code="i">Năm</subfield>
  </datafield>
  <datafield tag="980" ind1=" " ind2=" ">
   <subfield code="a">Trung tâm Học liệu Trường Đại học Cần Thơ</subfield>
  </datafield>
 </record>
</collection>
